Online
Catalog

Oradores sagrados de fin del siglo / (Record no. 17931)

MARC details
000 -CABECERA
campo de control de longitud fija 00890cam a2200253 a 4500
001 - NÚMERO DE CONTROL
campo de control 000018410
005 - FECHA Y HORA DE LA ÚLTIMA TRANSACCIÓN
campo de control 20200929165510.0
008 - DATOS DE LONGITUD FIJA--INFORMACIÓN GENERAL
campo de control de longitud fija 790224s1937 ck 000 s spa d
040 ## - FUENTE DE LA CATALOGACIÓN
Centro catalogador/agencia de origen DO-SdBNP
Centro/agencia transcriptor OCl
Centro/agencia modificador OCoLC
-- DLC
-- BNPHU
082 ## - NÚMERO DE LA CLASIFICACIÓN DECIMAL DEWEY
Número de clasificación C865.4
Número de documento/Ítem C355ó
049 ## - FONDOS LOCALES (OCLC)
Fondos de biblioteca BNGR
100 1# - ENTRADA PRINCIPAL--NOMBRE DE PERSONA
Nombre de persona Castro Silva, José Vicente,
Fechas asociadas al nombre 1885-1968
9 (RLIN) 39857
245 10 - MENCIÓN DE TÍTULO
Título Oradores sagrados de fin del siglo /
Mención de responsabilidad, etc. José Vicente Castro Silva.
260 ## - PUBLICACIÓN, DISTRIBUCIÓN, ETC.
Lugar de publicación, distribución, etc. Colombia :
Nombre del editor, distribuidor, etc. Selecta,
Fecha de publicación, distribución, etc. 1937.
300 ## - DESCRIPCIÓN FÍSICA
Extensión 152, [153-154] p. ;
Dimensiones 20 cm.
490 1# - MENCIÓN DE SERIE
Mención de serie Biblioteca aldeana de Colombia ;
Designación de volumen o secuencia 77
490 1# - MENCIÓN DE SERIE
Mención de serie Elocuencia
Designación de volumen o secuencia 77
500 ## - NOTA GENERAL
Nota general Cover-title: Sermones y discursos, por José Vicente Castro Silva.
650 #4 - PUNTO DE ACCESO ADICIONAL DE MATERIA--TÉRMINO DE MATERIA
Término de materia o nombre geográfico como elemento de entrada Sermones biblicos
9 (RLIN) 39858
650 #4 - PUNTO DE ACCESO ADICIONAL DE MATERIA--TÉRMINO DE MATERIA
Término de materia o nombre geográfico como elemento de entrada Iglesia católica
9 (RLIN) 1307
650 #4 - PUNTO DE ACCESO ADICIONAL DE MATERIA--TÉRMINO DE MATERIA
Término de materia o nombre geográfico como elemento de entrada Discursos
9 (RLIN) 6584
830 #0 - PUNTO DE ACCESO ADICIONAL DE SERIE-TÍTULO UNIFORME
Título uniforme Biblioteca aldeana de Colombia.
Nombre de parte o sección de la obra Elocuencia ;
Designación de volumen o secuencia 77
9 (RLIN) 39859
910 ## - DATOS DE OPCIÓN DEL USUARIO (OCLC)
Datos de opción del usuario Catalogación derivada / LC
Holdings
Estado de retiro Estado de pérdida Restricciones de uso No para préstamo Código de colección Localización permanente Ubicación/localización actual Ubicación en estantería Fecha de adquisición Número de inventario Total de préstamos Signatura topográfica completa Código de barras Fecha visto por última vez Precio válido a partir de Tipo de ítem Koha
        Monografías: Libros y Folletos General General En catalogación 06.05.2010 LF1   C865.4 C355ó 18410-10 25.06.2020 25.06.2020 Préstamo en sala

Powered by Koha